000
00408nam a2200109Ia 4500
008
221009s9999 xx 000 0 und d
082
_a
370
100
_a
Guider
_9
79384
245
0
_a
मध्य प्रदेश प्राथमिक शिक्षक पात्रता परीक्षा- 2020 सम्पूर्ण स्टडी नोट्स
260
_b
Guider
942
_c
BK
999
_c
65290
_d
65290